00544nam a2200193 a 4500001001300000003000900013005001700022008004100039020001000080082001600090100002400106245008100130260004200211300000900253500003500262505001000297650002400307650001900331nice12345678IN_TiNIC20260116012146.0050524s1960 lona grp 000 0 eng  ac10000a261.72bGOL aGollwitzer, Hellmut aDying We Liveb Final Messages and Records of Some Germans Who Defied Hitler aLondonbCollin Clear Type Pressc1960 a252p aincludes index and biblioraphy2 aIndex aFreedom of Religion aBiography-Nazi